000 00824nam a22002057a 4500
003 JO-AjAnu
005 20240605142103.0
008 240324b jo ||||| |||| 00| 0 ara d
040 _aJO-AjAnu
_beng
_cJO-AjAnu
_dJO-AjAnu
041 0 _aeng
_heng
050 _aQA155
_b2024
100 1 _aBani Abd Al-Rahman، Noor Khaldon
_ePrepared
_965100
245 0 _a On Crossing Cubic Structures of BE-Algebras /
_c Prepared Noor Khaldon Bani Abd Al-Rahman Supervisor Anas Al-Masarwah
260 _c2024
300 _a55 ورقة
500 _aرسالة جامعية ( رسالة ماجستير في الرياضيات) - جامعة عجلون الوطنية (عجلون، الاردن)، كلية العلوم، 2024.
650 4 0 _aAlgebras
_965101
700 1 _aAl-Masarwah، Anas
_esupervisor
_965103
942 _2lcc
_cTHS
_n0
999 _c33330
_d33330